00269nam a2200109Ia 4500008004100000082001600041100001800057245002700075260003100102300000800133650001800141191201s2017 xx 000 0 und d a615.103 ALD aMOHAMMED, Ali 0aDictionary of Pharmacy bTara Pub.aNew Delhic2017 a464 aMiscellaneous